000 00783cam a2200241 a 4500
001 vtls001685060
003 MY-SjTCS
005 20200226121202.0
008 110218s1999 enka b 001 0 eng
020 _a0201360462
039 9 _a201209121339
_bizani
_c201102181309
_dVLOAD
_y200407271906
_zVLOAD
082 0 4 _a004.21
_bROB
100 1 _aRobertson, Suzanne.
_99854
245 1 0 _aMastering the requirements process /
_cSuzanne and James Robertson.
260 _aHarlow, England :
_bAddison-Wesley,
_cc1999.
300 _axi, 404 p. :
_bill. ;
_c24 cm.
504 _aIncludes bibliography (p. 394 - 397) and index.
650 0 _aProject management
650 0 _aSystem analysis.
650 0 _aSystem design.
700 1 _aRobertson, James.
_998294
920 _aSOCIT : 560360
999 _c178165